En quel matériau est fait cet objet de fiction? - Statistiques

Statistiques générales
  • Ce quiz a été pris 11 fois
  • Le résultat moyen est 3 sur 18
Statistiques - réponses
Objet Univers Matériau % Correct
Bouclier de Captain America Marvel Vibranium
90%
Squelette de Wolverine X-Men Adamantium
80%
Côte de mailles de Frodon Le Seigneur des Anneaux Mithril
50%
Grand-Griffe, l'épée de Jon Snow Game of Thrones Acier valyrien
30%
Armure du Mandalorien The Mandalorian Beskar
20%
Turbulence Percy Jackson Bronze céleste
20%
Pikachazélite Pokémon Cristal Z
10%
Arme de Djidane Tribal Final Fantasy Orichalque
10%
Général Franky One Piece Wapometal
10%
Arène du Tournoi du Pouvoir Dragon Ball Super Acier Kachi Katchin
0%
Armure de Mega Man Mega Man Cératanium
0%
Mobile Suits RX Mobile Suit Gundam Gundarium
0%
Hedorah Godzilla Hédrium
0%
Goldorak Goldorak Laserium
0%
Trésor divin Star Trek Latinum
0%
Laputa Le Château dans le Ciel Pierre de lévitation
0%
Ornithoptère Dune Plastacier
0%
X-303 Prométhée Stargate SG-1 Trinium
0%
Aucun quiz correspondant
Distribution des résultats
% des personnes avec chaque résultat
Percentile par nombre de réponses
Votre historique - résultats
Vous n’avez pas pris ce quiz